[Event "Golden Cleopatra op"]
[Site "Cairo"]
[Date "2016.12.18"]
[Round "7"]
[White "Salah, Sayed"]
[Black "Sadek, Sameh"]
[Result "0-1"]
[WhiteElo "2181"]
[BlackElo "2297"]
[PlyCount "80"]
[EventDate "2016.12.13"]
[EventType "swiss"]
[EventRounds "10"]
[EventCountry "EGY"]
[SourceTitle "CBM 176 Extra"]
[Source "ChessBase"]
[SourceDate "2017.03.02"]
[SourceVersion "1"]
[SourceVersionDate "2017.03.02"]
[SourceQuality "1"]

1. d4 d5 2. Nf3 Nf6 3. g3 c6 4. Bg2 Bf5 5. 0-0 e6 6. b3 Nbd7 7. Bb2 Bd6 8. Nbd2 0-0 9. c4 a5 10. a3 h6 11. Ne5 Qe7 12. Nxd7 Qxd7 13. f3 Bg6 14. e4 dxe4 15. fxe4 e5 16. c5 Be7 17. Nc4 exd4 18. Nb6 Qd8 19. Nxa8 Bxc5 20. b4 Ba7 21. b5 Qxa8 22. bxc6 bxc6 23. Qa4 Rd8 24. h3 Nxe4 25. Kh2 Qb8 26. Qxa5 Bb6 27. Qe1 Nxg3 28. Rf3 Ne2+ 29. Kh1 d3 30. Qh4 Qd6 31. Rd1 Bc7 32. Rf4 Nxf4 33. Qg3 Qe7 34. Bf3 Ne2 35. Qg4 Qd6 36. Qg2 Ng3+ 37. Kg1 Bb6+ 38. Kh2 Nf1+ 39. Kh1 Ne3 40. Qd2 Qg3 0-1

[Event "Baghdad op 4th"]
[Site "Baghdad"]
[Date "2016.03.21"]
[Round "2"]
[White "Khalel Ali, Abdulkarem"]
[Black "Sadek, Sameh"]
[Result "0-1"]
[WhiteElo "1666"]
[BlackElo "2309"]
[PlyCount "44"]
[EventDate "2016.03.20"]
[EventType "swiss"]
[EventRounds "9"]
[EventCountry "IRQ"]
[SourceTitle "EXT 2017"]
[Source "ChessBase"]
[SourceDate "2016.10.25"]
[SourceVersion "1"]
[SourceVersionDate "2016.10.25"]
[SourceQuality "1"]

1. e4 e6 2. Nf3 c5 3. Nc3 d6 4. d4 cxd4 5. Nxd4 Nf6 6. Bd3 Be7 7. 0-0 Nc6 8. Be3 0-0 9. a3 e5 10. Nce2 Be6 11. Ng3 g6 12. f4 Ng4 13. Qe2 Nxe3 14. Qxe3 exf4 15. Qxf4 Bg5 16. Qf2 Ne5 17. Rae1 Ng4 18. Qf3 Qb6 19. Kh1 Qxb2 20. Nb5 Ne5 21. Qe2 Bg4 22. Qf2 Nxd3 0-1

[Event "Mahalla op 16th"]
[Site "Mahalla"]
[Date "2015.07.31"]
[Round "8"]
[White "Sadek, Sameh"]
[Black "Ameir, Moheb"]
[Result "1/2-1/2"]
[WhiteElo "2276"]
[BlackElo "2381"]
[PlyCount "69"]
[EventDate "2015.07.24"]
[EventType "swiss"]
[EventRounds "9"]
[EventCountry "EGY"]
[SourceTitle "EXT 2016"]
[Source "ChessBase"]
[SourceDate "2015.10.08"]
[SourceVersion "1"]
[SourceVersionDate "2015.10.08"]
[SourceQuality "1"]

1. Nf3 c5 2. c3 Nf6 3. d4 cxd4 4. cxd4 d5 5. Nc3 g6 6. Bf4 Nc6 7. e3 Bg7 8. h3 0-0 9. Be2 Qb6 10. a3 Bf5 11. Na4 Qd8 12. Rc1 Rc8 13. 0-0 Ne4 14. b4 f6 15. Nc5 Nxc5 16. Rxc5 g5 17. Bg3 e6 18. Qa4 Re8 19. Bb5 Bf8 20. Bxc6 bxc6 21. Rxc6 Qd7 22. b5 Bd3 23. Rfc1 a6 24. b6 Bb5 25. Rxc8 Rxc8 26. Qd1 Bxa3 27. Rxc8+ Qxc8 28. Qb3 Be7 29. Bc7 Qd7 30. Ne1 Qc6 31. Nd3 a5 32. Nb2 a4 33. Nxa4 Bxa4 34. Qxa4 Qxa4 35. b7 1/2-1/2

[Event "Mahalla op 16th"]
[Site "Mahalla"]
[Date "2015.07.28"]
[Round "5"]
[White "Sadek, Sameh"]
[Black "Elgabry, Mohsen"]
[Result "1/2-1/2"]
[WhiteElo "2276"]
[BlackElo "2376"]
[PlyCount "35"]
[EventDate "2015.07.24"]
[EventType "swiss"]
[EventRounds "9"]
[EventCountry "EGY"]
[SourceTitle "EXT 2016"]
[Source "ChessBase"]
[SourceDate "2015.10.08"]
[SourceVersion "1"]
[SourceVersionDate "2015.10.08"]
[SourceQuality "1"]

1. e4 c5 2. Nf3 a6 3. c4 d6 4. d4 cxd4 5. Nxd4 Nf6 6. Nc3 g6 7. Be2 Bg7 8. Be3 Nc6 9. 0-0 0-0 10. f3 Bd7 11. Qd2 Re8 12. Rfd1 Qb8 13. Rac1 b5 14. Nd5 Nxd4 15. Bxd4 Nxd5 16. cxd5 Bxd4+ 17. Qxd4 Rc8 18. b4 1/2-1/2

[Event "Cairo zt 4.2"]
[Site "Cairo"]
[Date "2013.05.05"]
[Round "7"]
[White "Sadek, Sameh"]
[Black "Shoker, Samy"]
[Result "0-1"]
[WhiteElo "2352"]
[BlackElo "2480"]
[PlyCount "62"]
[EventDate "2013.04.30"]
[EventType "tourn"]
[EventRounds "9"]
[EventCountry "EGY"]
[EventCategory "2"]
[SourceTitle "CBM 154 Extra"]
[Source "ChessBase"]
[SourceDate "2013.06.25"]
[SourceVersion "2"]
[SourceVersionDate "2013.06.25"]
[SourceQuality "1"]

1. d3 g6 2. d4 Bg7 3. Nf3 Nf6 4. c3 c5 5. dxc5 0-0 6. b4 a5 7. Bb2 b6 8. cxb6 Qxb6 9. a3 Ba6 10. e3 Bxf1 11. Kxf1 Rc8 12. Kg1 Ne4 13. Qd5 Qc6 14. Qxc6 Nxc6 15. b5 Ne5 16. Nxe5 Bxe5 17. a4 Rc4 18. Kf1 Nc5 19. Nd2 Rxa4 20. Ke2 Rb8 21. Rxa4 Nxa4 22. Ba1 Bxc3 23. Bxc3 Nxc3+ 24. Kd3 Nxb5 25. Rb1 Rb7 26. Nc4 Nd6 27. Rxb7 Nxb7 28. Nb6 Nc5+ 29. Kd4 d6 30. Nc4 a4 31. f3 f5 0-1

[Event "Cairo zt 4.2"]
[Site "Cairo"]
[Date "2013.05.02"]
[Round "3"]
[White "Ndikumana, Yves"]
[Black "Sadek, Sameh"]
[Result "0-1"]
[WhiteElo "2088"]
[BlackElo "2352"]
[PlyCount "70"]
[EventDate "2013.04.30"]
[EventType "tourn"]
[EventRounds "9"]
[EventCountry "EGY"]
[EventCategory "2"]
[SourceTitle "CBM 154 Extra"]
[Source "ChessBase"]
[SourceDate "2013.06.25"]
[SourceVersion "2"]
[SourceVersionDate "2013.06.25"]
[SourceQuality "1"]

1. d4 d5 2. c4 dxc4 3. Nc3 c6 4. e4 b5 5. Be3 Nf6 6. Nf3 e6 7. g3 Bb7 8. Bg2 b4 9. Nb1 Nxe4 10. Ne5 Nf6 11. Nxc4 Be7 12. 0-0 0-0 13. Nbd2 Nd5 14. Ne5 Nd7 15. Rc1 Nxe5 16. dxe5 Nxe3 17. fxe3 Qc7 18. Nf3 c5 19. Qb3 a5 20. Bh3 Rad8 21. Qc2 Rd5 22. e4 Rd7 23. Qe2 Rfd8 24. Qe3 c4 25. Qf4 h6 26. Bg2 c3 27. bxc3 bxc3 28. Rc2 Qc4 29. Ne1 Bg5 30. Qf3 Bd2 31. h4 Qc5+ 32. Kh2 Qxe5 33. Qg4 h5 34. Qf3 Ba6 35. Rg1 Bd3 0-1